The opium war through Chinese eyes

Shranjeno v:
Bibliografske podrobnosti
Glavni avtor: Waley, Arthur
Format: Knjiga
Jezik:Undetermined
Izdano: Stanford Stanford University Press 1958
Teme:
Oznake: Označite
Brez oznak, prvi označite!
Thư viện lưu trữ: Trung tâm Học liệu Trường Đại học Cần Thơ
LEADER 00503nam a2200193Ia 4500
001 CTU_89933
008 210402s9999 xx 000 0 und d
082 |a 951.03 
082 |b W173 
100 |a Waley, Arthur 
245 4 |a The opium war through Chinese eyes 
245 0 |c Arthur Waley 
260 |a Stanford 
260 |b Stanford University Press 
260 |c 1958 
650 |a History 
650 |z China 
904 |i Bằng,Hải 
980 |a Trung tâm Học liệu Trường Đại học Cần Thơ